Report by the government actuary on the second quinquenniel review (Record no. 418589)

000 -LEADER
fixed length control field 00359cam a22001097a 4500
008 - FIXED-LENGTH DATA ELEMENTS--GENERAL INFORMATION
fixed length control field 180718b1960 xxu||||| |||| 00| 0 eng d
082 ## - DEWEY DECIMAL CLASSIFICATION NUMBER
Classification number Q503x42 Un3 Ind / 60
100 ## - MAIN ENTRY--PERSONAL NAME
Personal name Boyla, Edward
245 ## - TITLE STATEMENT
Title Report by the government actuary on the second quinquenniel review
Statement of responsibility, etc. by Edward Boyla
260 ## - PUBLICATION, DISTRIBUTION, ETC.
Place of publication, distribution, etc. London
Name of publisher, distributor, etc. Her Majesty's Stationery Office
Date of publication, distribution, etc. 1960
300 ## - PHYSICAL DESCRIPTION
Extent 20p.
Holdings
Withdrawn status Lost status Damaged status Not for loan Permanent Location Current Location Date acquired Full call number Barcode Date last seen Price effective from Koha item type
        Indian Institute of Public Administration Indian Institute of Public Administration 2009-06-22 Q503x42 Un3 Ind / 60 25047 2018-07-21 2018-07-21 Book

Powered by Koha